[Event "John Dahlgren Memorial"]
[Site "Sarpsborg"]
[Date "2002.09.27"]
[Round "6"]
[White "Groettland, Bjarne"]
[Black "Kristiansen, Espen"]
[Result "1-0"]
[WhiteElo "1297"]
[BlackElo "1140"]
[PlyCount "99"]
[EventDate "2002.08.??"]
[EventType "swiss"]
[EventRounds "12"]
[EventCountry "NOR"]
[SourceTitle "EXT 2005"]
[Source "ChessBase"]
[SourceDate "2004.11.15"]
[SourceVersion "1"]
[SourceVersionDate "2004.11.15"]
[SourceQuality "1"]

1. d4 Nf6 2. c4 g6 3. Nc3 d5 4. e3 Bg7 5. Nf3 0-0 6. Be2 c6 7. 0-0 Qc7 8. Qb3 e6 9. Re1 Nbd7 10. Nd2 Nb6 11. c5 Nbd7 12. Qc2 e5 13. b4 Re8 14. Bb2 e4 15. b5 Nf8 16. Nf1 Ne6 17. a4 Qe7 18. a5 a6 19. bxc6 bxc6 20. Na4 Nd7 21. Ba3 Nc7 22. Nb6 Rb8 23. Rab1 Nb5 24. Bxb5 axb5 25. Bb4 Ba6 26. Nxd5 cxd5 27. c6 Qe6 28. cxd7 Qxd7 29. Qb3 Rbc8 30. Rec1 Rc4 31. Nd2 Rxc1+ 32. Rxc1 Rc8 33. Bc5 h5 34. Qb1 Rc6 35. Nb3 Qf5 36. Be7 Rxc1+ 37. Qxc1 Qg4 38. Nc5 Qc8 39. Qb2 Bf8 40. Bxf8 Kxf8 41. Qb3 Ke7 42. Qxd5 Qg4 43. Qb3 Qe2 44. Qb1 Bc8 45. a6 h4 46. a7 h3 47. a8Q Bf5 48. Nxe4 Qg4 49. Qb4+ Kd7 50. Qd6# 1-0